Most Googled People in 2022 - Statistics

General Stats
  • This quiz has been taken 180 times
  • The average score is 12 of 50
Answer Stats
Searches/ 30 days # Person % Correct
9,128,660 3 Donald Trump
98%
1,131,356 39 Donald Trump
98%
3,520,778 7 Taylor Swift
61%
43,493,385 1 Messi
57%
1,130,967 40 Barack Obama
53%
2,516,662 14 Elon Musk
48%
2,751,086 11 Kanye West
44%
2,462,527 15 Kanye West
44%
1,752,612 26 Kim Kardashian
39%
3,298,768 9 Justin Bieber
37%
1,870,693 23 Queen Elizabeth
37%
1,600,232 27 Beyonce
35%
3,062,491 10 Dwayne Johnson
32%
1,100,525 44 Rihanna
32%
2,666,911 12 Drake
29%
2,115,349 19 Eminem
29%
1,104,313 43 Will Smith
29%
1,588,169 28 Ariana Grande
25%
1,503,617 35 Brad Pitt
24%
1,144,327 37 Selena Gomez
22%
4,500,324 4 Andrew Tate
21%
1,090,970 45 Michael Jordan
21%
1,551,232 32 Lady Gaga
20%
1,813,517 25 King Charles
19%
1,526,718 33 Leonardo Dicaprio
19%
1,813,851 24 Meghan Markle
19%
1,581,896 29 Prince William
19%
1,134,337 38 Tom Brady
17%
1,114,845 42 Nicki Minaj
16%
3,970,434 5 Harry Styles
15%
24,468,352 2 Pele
15%
1,117,298 41 Tom Holland
15%
2,162,140 18 Tom Cruise
14%
2,651,492 13 Madonna
13%
1,084,908 46 Jennifer Lopez
12%
1,067,065 50 Kate Middleton
9%
1,068,088 49 Millie Bobby Brown
6%
2,060,072 21 Shakira
6%
1,164,946 36 Kevin Hart
5%
1,578,807 30 Mike Tyson
5%
3,473,333 8 Bad Bunny
4%
2,065,862 20 Camilla
4%
1,574,571 31 Jeffrey Dahmer
4%
1,522,253 34 Prince Henry
3%
1,075,870 48 Sylvester Stallone
2%
2,205,302 17 Xxxtentacion
2%
3,736,527 6 Goku
1%
2,367,536 16 Luffy
1%
1,965,272 22 Anne Heche
0%
1,077,521 47 Zoro
0%
No matching quizzes found
Score Distribution
Percent of People with Each Score
Percentile by Number Answered
Your Score History
You have not taken this quiz